Diseño de dispositivo integrado para monitoreo del lubricante en motores de encendido por compresión
Salvato in:
| Autore principale: | |
|---|---|
| Altri autori: | , |
| Natura: | Libro |
| Lingua: | Spanish |
| Pubblicazione: |
[San José , Costa Rica]
2019
|
| Soggetti: | |
| Tags: |
Aggiungi Tag
Nessun Tag, puoi essere il primo ad aggiungerne!!
|
MARC
| LEADER | 00000nam a22000007a 4500 | ||
|---|---|---|---|
| 003 | 013099 | ||
| 005 | 20230504130216.0 | ||
| 008 | 190806b2019 c a|||| ||m| 00| ||spa d | ||
| 040 | |c cru CEDI | ||
| 100 | |9 476 |a Barboza Mora, Glenda Liseth, 1994- | ||
| 245 | |a Diseño de dispositivo integrado para monitoreo del lubricante en motores de encendido por compresión | ||
| 260 | |a [San José , Costa Rica] |c 2019 | ||
| 500 | |a Proyecto de graduación (licenciatura en ingeniería mecánica)--Universidad de Costa Rica. Facultad de Ingeniería. Escuela de Ingeniería Mecánica | ||
| 501 | |a Director de Proyecto fde Graduación: Mag. Gabriel Monge Gapper | ||
| 650 | |x MOTORES DE COMBUSTION INTERNA-ENCENDIDO - LUBRICANTES - ANALISIS - EQUIPO - DISEÑO |x MOTORES DE COMBUSTION INTERNA-ENCENDIDO |x LUBRICANTES - ANALISIS - EQUIPO - DISEÑO |x LUBRICANTES | ||
| 700 | |9 477 |a Bolaños Zumbado, David José, 1994- | ||
| 700 | |9 204 |a Monge Gapper, Juan Gabriel, 1977- |d Director del TFG | ||
| 942 | |c CEDI |h TFG 8249 |6 TFG_8249_000000000000000 | ||
| 999 | |c 21763 |d 21763 | ||
